000 00730nam a2200217Ii 4500
003 JO-AjNU
008 230605s9999||||xx |||||||||||||| ||und||
017 _a2005/14853
040 _aJO-AjNU
_bara
_erda
_cJO-AjNU
041 _aara
050 1 4 _aPJ6106.G422 2005
100 3 _aتأليف الغلاييني، مصطفى,
_eauthor
_923798
245 0 0 _aجامع الدروس العربية: موسوعة في ثلاثة أجزاء
250 _aط1
264 3 1 _aالقاهرة: دار إبن الهيثم، 2005
300 _aج1-3، 636ص
336 _atext
_btxt
_2rdacontent
337 _aunmediated
_bn
_2rdamedia
338 _avolume
_bnc
_2rdacarrier
650 4 _aاللغة العربية - نحو - صرف
_923799
999 _aA8666
_c12234
_d12234